|
|
|
|
| LEADER |
00950cam a22002651 4500 |
| 001 |
c000311493 |
| 003 |
CARM |
| 005 |
00000000000000.0 |
| 008 |
790613s1931 enk 000 0 eng |
| 010 |
|
|
|a 32015843
|
| 019 |
1 |
|
|a 25529196
|z 10687914
|5 LACONCORD2021
|
| 035 |
|
|
|a (OCoLC)5064825
|5 LACONCORD2021
|
| 040 |
|
|
|a DLC
|b eng
|c ArU
|d DLC
|
| 050 |
0 |
0 |
|a HC57
|b .M24
|
| 082 |
0 |
4 |
|a 330.904
|
| 100 |
1 |
|
|a McGregor, Alexander Grant,
|d 1880-
|
| 245 |
1 |
0 |
|a World depression to world prosperity /
|c by A. G. McGregor.
|
| 260 |
|
|
|a London, :
|b P.S. King & son, ltd.,
|c 1931.
|
| 300 |
|
|
|a ix, 118 p. ;
|c 19 cm.
|
| 650 |
|
0 |
|a Economic history
|y 1918-19451945.
|
| 650 |
|
0 |
|a Currency question.
|
| 650 |
|
0 |
|a Commercial policy.
|
| 852 |
8 |
|
|b CARM
|h A3:AD18A0
|i A05497
|p 0475442
|f BK
|
| 999 |
f |
f |
|i 4da0736d-97e0-5a8f-af9f-597a5f70cc75
|s eb05a310-52f5-59c9-b22d-95704b5a71f8
|
| 952 |
f |
f |
|p Can circulate
|a CAVAL
|b CAVAL
|c CAVAL
|d CARM 1 Store
|e A05497
|f A3:AD18A0
|h Other scheme
|i book
|m 0475442
|